000 00594nam a2200229Ia 4500
003 OSt
005 20220918183516.0
006 a|||||r|||| 00| 0
007 ta
008 220917b |||||||| |||| 00| 0 eng d
024 _a38,473
037 _cTextual
040 _aARTS
_cARTS
_beng
041 _2eng
_aeng
082 _aO15:9x3:1, E1
100 _aDandincarya
_962960
245 0 _aKavyadarsa ed by Jibananda Vidyasagara with his comm
260 _c1911
650 _aENGLISH LITERATURE
942 _hO15:9x3:1, E1
_cTEXL
_2CC
999 _c172868
_d172868